| 000 | 00550nam a22001817a 4500 | ||
|---|---|---|---|
| 003 | CEME | ||
| 005 | 20210628203304.0 | ||
| 008 | 210204b xxu||||| |||| 00| 0 eng d | ||
| 020 | _a9780495604266 | ||
| 040 | _c. | ||
| 082 | _a361.0068 ROY | ||
| 100 |
_aRoyse, David , Thyer, Bruce A , Padgett, Deborah K _964504 |
||
| 245 | _aProgram evaluation , an introduciton | ||
| 260 |
_aAUSTRALIA _bWADSWORTH _c2010 |
||
| 300 | _aXII, 401P | ||
| 650 |
_aPROGRAM EVALUATION..SAMPLING.QUALITATIVE AND MIXED METHODS IN EVALUATION. _964505 |
||
| 942 |
_cBK _2ddc |
||
| 999 |
_c572973 _d572973 |
||